000 00882nam a2200253Ia 4500
003 OSt
005 20220926015028.0
006 a|||||r|||| 00| 0
007 ta
008 220923b |||||||| |||| 00| 0 eng d
020 _a9780814753118
_c1272.4300000000001
037 _b34295, 14/03/2012, Segment Book Distrobutors
_cGeneral Book
040 _aRTL
_cRTL
_beng
041 _2eng
_aeng
082 _aY736OaW:77, Q1
100 _aLee Wayne E
_9321506
245 0 _aEmpires and indigenes
_b Intercultural alliance, imperial expansion and warfare in the early modern world
260 _aNew York
_bNew University Press
_c2011
300 _avii, 295p
_ccm.
490 _aWarfare and Culture Series
650 _aSociology
942 _hY736OaW:77, Q1
_cGB
_2CC
999 _c630429
_d630429